Метод Питера Линча: стратегия и тактика индивидуального инвестора: пер. с англ.

Dettagli Bibliografici
Autore principale: Линч П. Питер
Altri autori: Ротчайлд Дж. Джон
Riassunto:Эта книга принадлежит перу одного из самых успешных финансовых менеджеров в мире. Питер Линч не предлагает волшебных формул и рецептов из серии «как стать миллионером». Его идея проста: несложные приемы оценки позволяют даже начинающему инвестору стать экспертом и принимать решения не хуже профессионалов с Уолл-стрит. Сначала он предлагает читателю оценить себя как потенциального инвестора. Затем переходит к вопросам поиска перспективных инвестиционных возможностей. Читатель узнает, к чему стремиться, чего избегать, как интерпретировать финансовые показатели. Разъяснения предельно просты и понятны, как все в этой книге, написанной с удивительным для подобной литературы остроумием. Наконец, автор переходит к конкретным аспектам инвестирования, в частности отвечает на вопрос, когда покупать и когда продавать. Книга предназначена для индивидуальных инвесторов и широкого круга читателей, интересующихся вопросами инвестирования в акции.
Lingua:russo
Pubblicazione: Москва, Альпина Бизнес Букс, 2008
Soggetti:
Natura: MixedMaterials Libro
KOHA link:https://koha.lib.tpu.ru/cgi-bin/koha/opac-detail.pl?biblionumber=216208

MARC

LEADER 00000nam0a2200000 4500
001 216208
005 20231101230025.0
010 |a 9785961405903 
035 |a (RuTPU)RU\TPU\book\236171 
090 |a 216208 
100 |a 20120522d2008 km y0rusy50 ca 
101 1 |a rus  |c eng 
102 |a RU 
105 |a a z 000zy 
200 1 |a Метод Питера Линча: стратегия и тактика индивидуального инвестора  |e пер. с англ.  |f П. Линч, Дж. Ротчайлд 
210 |a Москва  |c Альпина Бизнес Букс  |d 2008 
215 |a 264 с.  |c ил. 
330 |a Эта книга принадлежит перу одного из самых успешных финансовых менеджеров в мире. Питер Линч не предлагает волшебных формул и рецептов из серии «как стать миллионером». Его идея проста: несложные приемы оценки позволяют даже начинающему инвестору стать экспертом и принимать решения не хуже профессионалов с Уолл-стрит. Сначала он предлагает читателю оценить себя как потенциального инвестора. Затем переходит к вопросам поиска перспективных инвестиционных возможностей. Читатель узнает, к чему стремиться, чего избегать, как интерпретировать финансовые показатели. Разъяснения предельно просты и понятны, как все в этой книге, написанной с удивительным для подобной литературы остроумием. Наконец, автор переходит к конкретным аспектам инвестирования, в частности отвечает на вопрос, когда покупать и когда продавать. Книга предназначена для индивидуальных инвесторов и широкого круга читателей, интересующихся вопросами инвестирования в акции. 
606 1 |a Финансовые инвестиции  |2 stltpush  |3 (RuTPU)RU\TPU\subj\69313  |9 84224 
610 1 |a финансы 
610 1 |a инвестиции 
610 1 |a инвестиционная активность 
610 1 |a инвестиционная деятельность 
610 1 |a инвестирование 
610 1 |a инвестированный капитал 
610 1 |a прибыль 
610 1 |a акции 
610 1 |a портфельные инвестиции 
610 1 |a опционы 
610 1 |a долгосрочное инвестирование 
686 |a У826.21  |v LBC/SL-A  |2 rubbk 
700 1 |a Линч  |b П.  |g Питер 
701 1 |a Ротчайлд  |b Дж.  |g Джон 
801 1 |a RU  |b 63413507  |c 20120522 
801 2 |a RU  |b 63413507  |c 20120906  |g RCR 
942 |c BK 
959 |a 80/20120522  |d 1  |e 520,00  |f ЧЗГЛ:1